[Event "Titled Tuesday intern op 25th Mar Early"]
[Site "Chess.com INT"]
[Date "2025.03.25"]
[Round "6"]
[White "Kryakvin, Dmitry"]
[Black "Burmakin, Vladimir"]
[Result "1-0"]
[WhiteElo "2459"]
[BlackElo "2435"]
[PlyCount "41"]
[EventDate "2025.03.25"]
[EventType "swiss (blitz)"]
[EventRounds "11"]
[EventCountry "USA"]
[SourceTitle "CB14_2025"]
[SourceDate "2024.11.01"]
[SourceVersion "1"]
[SourceVersionDate "2024.11.01"]
[SourceQuality "1"]

1. d4 d5 2. c4 e6 3. Nf3 Nf6 4. Nc3 c6 5. Bg5 Nbd7 6. cxd5 exd5 7. e3 Be7 8. Bd3 Nf8 9. Bf4 Ne6 10. Be5 Bd6 11. Qc2 h6 12. h3 Qe7 13. 0-0 0-0 14. Rae1 Bxe5 15. Nxe5 Rd8 16. f4 Nf8 17. Qf2 N6d7 18. e4 dxe4 19. Nxe4 f6 20. Bc4+ Kh7 21. Nxc6 1-0

[Event "Titled Tuesday intern op 25th Mar Early"]
[Site "Chess.com INT"]
[Date "2025.03.25"]
[Round "7"]
[White "Kryakvin, Dmitry"]
[Black "Murzin, Volodar"]
[Result "0-1"]
[WhiteElo "2459"]
[BlackElo "2658"]
[PlyCount "106"]
[EventDate "2025.03.25"]
[EventType "swiss (blitz)"]
[EventRounds "11"]
[EventCountry "USA"]
[SourceTitle "CB14_2025"]
[SourceDate "2024.11.01"]
[SourceVersion "1"]
[SourceVersionDate "2024.11.01"]
[SourceQuality "1"]

1. d4 Nf6 2. c4 e6 3. Nf3 h6 4. Nc3 d5 5. Bf4 Bd6 6. Bxd6 Qxd6 7. e3 0-0 8. Rc1 c6 9. Qc2 Nbd7 10. a3 dxc4 11. Bxc4 e5 12. 0-0 exd4 13. Rfd1 Ne5 14. Nxe5 Qxe5 15. Rxd4 Bf5 16. Bd3 c5 17. Rf4 Bxd3 18. Qxd3 Rfd8 19. Qe2 Rd7 20. g3 Rad8 21. Rc2 b6 22. Kg2 g6 23. Qf3 Kg7 24. h3 Qe6 25. Re2 a6 26. a4 Rd3 27. Qb7 Nd5 28. Nxd5 Qxd5+ 29. Qxd5 R8xd5 30. b4 b5 31. axb5 axb5 32. bxc5 Rxc5 33. Rb4 Rd6 34. Reb2 Rb6 35. g4 Kf6 36. Kg3 Ke6 37. h4 Kd7 38. Rf4 Ke7 39. Rfb4 h5 40. gxh5 Rxh5 41. Re4+ Kf6 42. Rf4+ Rf5 43. Rfb4 Ke6 44. e4 Rc5 45. f3 Rb7 46. Kg4 Kd6 47. Rd4+ Kc6 48. Rb1 Rc4 49. Rd8 b4 50. Kg5 Kb5 51. Kh6 Rc5 52. Rd3 Rh5+ 53. Kg7 Rxh4 0-1

[Event "Titled Tuesday intern op 25th Feb Early"]
[Site "Chess.com INT"]
[Date "2025.02.25"]
[Round "3"]
[White "Kryakvin, Dmitry"]
[Black "Gil Alba, Hector Luis"]
[Result "1-0"]
[WhiteElo "2459"]
[BlackElo "2295"]
[PlyCount "59"]
[EventDate "2025.02.25"]
[EventType "swiss (blitz)"]
[EventRounds "11"]
[EventCountry "USA"]
[SourceTitle "CB10_2025"]
[SourceDate "2025.03.05"]
[SourceVersion "1"]
[SourceVersionDate "2025.03.05"]
[SourceQuality "1"]

1. d4 Nf6 2. c4 e6 3. Nf3 d5 4. Bg5 dxc4 5. Qa4+ Nbd7 6. e3 Be7 7. Bxc4 0-0 8. Qc2 c5 9. 0-0 b6 10. Rd1 cxd4 11. Nxd4 Bb7 12. Nxe6 fxe6 13. Bxe6+ Kh8 14. Bxf6 Rxf6 15. Rxd7 Qf8 16. Rxb7 Rxe6 17. Nd2 Bd6 18. Nf3 Rc8 19. Qe2 Rg6 20. g3 h6 21. Rd1 Rf6 22. Nh4 Rd8 23. Rxa7 Re8 24. Ra4 Bc5 25. Ng2 Qf7 26. Rf4 Rxf4 27. Nxf4 Qxa2 28. Qh5 Ra8 29. Rd7 Qxb2 30. Qf7 1-0

[Event "Titled Tuesday intern op 25th Feb Early"]
[Site "Chess.com INT"]
[Date "2025.02.25"]
[Round "11"]
[White "Kryakvin, Dmitry"]
[Black "Sanal, Vahap"]
[Result "0-1"]
[WhiteElo "2459"]
[BlackElo "2557"]
[PlyCount "78"]
[EventDate "2025.02.25"]
[EventType "swiss (blitz)"]
[EventRounds "11"]
[EventCountry "USA"]
[SourceTitle "CB10_2025"]
[SourceDate "2025.03.05"]
[SourceVersion "1"]
[SourceVersionDate "2025.03.05"]
[SourceQuality "1"]

1. d4 d5 2. c4 c6 3. cxd5 cxd5 4. Bf4 Nc6 5. e3 a6 6. Nc3 Nf6 7. Bd3 h6 8. Rc1 e6 9. Nf3 Bd6 10. Bxd6 Qxd6 11. 0-0 Bd7 12. a3 0-0 13. Na4 Rac8 14. Nc5 Rc7 15. h3 Rfc8 16. Qe2 Be8 17. Rc3 Ne7 18. Rfc1 b6 19. Bxa6 bxc5 20. dxc5 Qd8 21. Bxc8 Qxc8 22. b4 Ne4 23. R3c2 Ba4 24. Rb2 Qb8 25. Qe1 Nxc5 26. Qc3 Na6 27. Qd2 Rc4 28. Rxc4 dxc4 29. Qc3 Bb5 30. Qe5 Nd5 31. Rc2 c3 32. e4 Bd3 33. Rc1 Qxe5 34. Nxe5 Bxe4 35. Nc4 Nac7 36. f3 Bd3 37. Ne5 Bh7 38. Kf2 c2 39. Nc4 Nb5 0-1

[Event "Titled Tuesday intern op 11th Feb Early"]
[Site "Chess.com INT"]
[Date "2025.02.11"]
[Round "5"]
[White "Kryakvin, Dmitry"]
[Black "Kozlov, Oleg"]
[Result "1/2-1/2"]
[WhiteElo "2459"]
[BlackElo "2253"]
[PlyCount "166"]
[EventDate "2025.02.11"]
[EventType "swiss (blitz)"]
[EventRounds "11"]
[EventCountry "USA"]
[SourceTitle "CB09_2025"]
[SourceDate "2025.02.27"]
[SourceVersion "1"]
[SourceVersionDate "2025.02.27"]
[SourceQuality "1"]

1. d4 Nf6 2. c4 e6 3. Nf3 d5 4. Nc3 dxc4 5. e3 a6 6. Bxc4 b5 7. Bb3 Bb7 8. 0-0 Nbd7 9. e4 b4 10. e5 bxc3 11. exf6 Nxf6 12. bxc3 Bd6 13. Ba4+ c6 14. Rb1 Qc7 15. Ne5 0-0 16. Qf3 Rac8 17. Bf4 Ba8 18. Qe2 Nd5 19. Bd2 c5 20. Qxa6 Bxe5 21. dxe5 Qxe5 22. Rfe1 Qf5 23. Qe2 Qg6 24. f3 c4 25. Qf2 Qd3 26. Rbc1 Qg6 27. Bc2 Qf6 28. Bb1 h6 29. Qe2 Qh4 30. Qe4 Qxe4 31. Bxe4 Rfd8 32. Kf2 Nf6 33. Rc2 Bxe4 34. fxe4 Rd3 35. h3 Rcd8 36. Bf4 Nd7 37. Bc7 Rc8 38. Ba5 Nc5 39. Bb4 Nd7 40. Re3 Ne5 41. Ke2 Rcd8 42. a4 Ra8 43. a5 Ra6 44. Rd2 f6 45. Rexd3 cxd3+ 46. Ke1 Kf7 47. Kd1 Ke8 48. Ra2 Kd7 49. Kd2 Kc6 50. Ra1 Kb5 51. Rb1 Kc4 52. Rb2 Nc6 53. Rb1 Nxa5 54. Bxa5 Rxa5 55. Rb4+ Kc5 56. Kxd3 Ra2 57. g4 Rh2 58. Rb7 Rxh3+ 59. Kd2 Rg3 60. Rxg7 Kd6 61. Rg6 Ke5 62. Rxh6 Rxg4 63. Kd3 Rg3+ 64. Kd2 Rg4 65. Kd3 Rg3+ 66. Kd2 Rf3 67. Rh4 Rf2+ 68. Kd3 Rf3+ 69. Kd2 Kd6 70. Rh5 Rf2+ 71. Ke3 Rc2 72. Kd3 Rg2 73. Rb5 Rg3+ 74. Kd2 Rg4 75. Kd3 Rg3+ 76. Kd4 e5+ 77. Kc4 Ke6 78. Rb6+ Kf7 79. Rc6 Re3 80. Kd5 Rd3+ 81. Kc4 Re3 82. Kd5 Rd3+ 83. Kc4 Re3 1/2-1/2

[Event "Titled Tuesday intern op 28th Jan Early"]
[Site "Chess.com INT"]
[Date "2025.01.28"]
[Round "10"]
[White "Kryakvin, Dmitry"]
[Black "Hungaski, Robert Andrew"]
[Result "1-0"]
[WhiteElo "2459"]
[BlackElo "2477"]
[PlyCount "55"]
[EventDate "2025.01.28"]
[EventType "swiss (blitz)"]
[EventRounds "11"]
[EventCountry "USA"]
[SourceTitle "CB06_2025"]
[SourceDate "2025.02.05"]
[SourceVersion "1"]
[SourceVersionDate "2025.02.05"]
[SourceQuality "1"]

1. d4 c6 2. c4 d5 3. cxd5 cxd5 4. Bf4 Nf6 5. e3 g6 6. Nc3 Bg7 7. h3 0-0 8. Bd3 Nc6 9. Nf3 b6 10. Rc1 Bb7 11. 0-0 Rc8 12. Qe2 Na5 13. Ne5 Nd7 14. Nf3 Nc4 15. Nxd5 e5 16. Bxc4 Rxc4 17. Qxc4 exf4 18. e4 Re8 19. Qc7 Bxd5 20. Qxd8 Rxd8 21. exd5 Nf6 22. Rc7 a5 23. Rfc1 Bf8 24. R7c6 Nxd5 25. Rc8 Rd7 26. Ne5 Rb7 27. Rd8 Ne7 28. Nd7 1-0

[Event "Titled Tuesday intern op 28th Jan Early"]
[Site "Chess.com INT"]
[Date "2025.01.28"]
[Round "5"]
[White "Xiong, Jeffery"]
[Black "Kryakvin, Dmitry"]
[Result "1/2-1/2"]
[WhiteElo "2636"]
[BlackElo "2459"]
[PlyCount "88"]
[EventDate "2025.01.28"]
[EventType "swiss (blitz)"]
[EventRounds "11"]
[EventCountry "USA"]
[SourceTitle "CB06_2025"]
[SourceDate "2025.02.05"]
[SourceVersion "1"]
[SourceVersionDate "2025.02.05"]
[SourceQuality "1"]

1. e4 c5 2. Nf3 g6 3. d4 cxd4 4. Nxd4 Nc6 5. c4 Nf6 6. Nc3 d6 7. Be2 Nxd4 8. Qxd4 Bg7 9. Be3 0-0 10. Qd2 a5 11. f3 a4 12. Kf2 Bd7 13. b4 axb3 14. axb3 Qc7 15. Bd4 Bc6 16. Qe3 Nd7 17. Bxg7 Kxg7 18. b4 b6 19. h4 Rxa1 20. Rxa1 Ra8 21. Rxa8 Bxa8 22. h5 h6 23. hxg6 fxg6 24. Qd4+ Kh7 25. Nd5 Bxd5 26. exd5 Nf6 27. Bd3 Qa7 28. Qe3 Kg7 29. Bb1 g5 30. Qd3 Kf8 31. Qg6 b5+ 32. c5 dxc5 33. d6 cxb4+ 34. Kg3 Qd4 35. Qxh6+ Ke8 36. Qh8+ Kd7 37. Bf5+ Kxd6 38. Qb8+ Kc6 39. Qc8+ Kb6 40. Qb8+ Kc6 41. Qc8+ Kd5 42. Qe6+ Kc5 43. Qc8+ Kb6 44. Qb8+ Kc6 1/2-1/2

[Event "Titled Tuesday intern op 14th Jan Early"]
[Site "Chess.com INT"]
[Date "2025.01.14"]
[Round "11"]
[White "Ferrara, Enzo"]
[Black "Kryakvin, Dmitry"]
[Result "1/2-1/2"]
[WhiteElo "2138"]
[BlackElo "2459"]
[PlyCount "90"]
[EventDate "2025.01.14"]
[EventType "swiss (blitz)"]
[EventRounds "11"]
[EventCountry "USA"]
[SourceTitle "CB04_2025"]
[SourceDate "2025.01.22"]
[SourceVersion "1"]
[SourceVersionDate "2025.01.22"]
[SourceQuality "1"]

1. d4 d5 2. Nf3 Nf6 3. g3 Bf5 4. Bg2 h6 5. 0-0 e6 6. c4 c6 7. Nc3 Nbd7 8. Qb3 Qb6 9. c5 Qa6 10. Re1 b6 11. Bf1 Qc8 12. cxb6 axb6 13. Ne5 Be7 14. f3 Bh7 15. e4 Nxe5 16. dxe5 Nd7 17. f4 0-0 18. Be3 Bc5 19. exd5 cxd5 20. Nb5 Qb8 21. a4 Rc8 22. Bd4 Bc2 23. Qf3 Rxa4 24. Bxc5 Rxc5 25. Nd6 Qa7 26. Rac1 b5 27. Qf2 d4 28. Rxc2 Ra2 29. Bd3 Rxc2 30. Qxc2 Nc5 31. Rd1 g6 32. Ne4 Nxe4 33. Bxe4 d3+ 34. Qf2 Qxf2+ 35. Kxf2 Rxb2+ 36. Ke3 Rxh2 37. Rxd3 Rb2 38. Rd8+ Kg7 39. Rb8 b4 40. Bd3 Rb3 41. Kd4 h5 42. Kc4 Rc3+ 43. Kd4 Rb3 44. Kc4 Rc3+ 45. Kd4 Rb3 1/2-1/2

[Event "Titled Tuesday intern op 14th Jan Early"]
[Site "Chess.com INT"]
[Date "2025.01.14"]
[Round "3"]
[White "Kryakvin, Dmitry"]
[Black "Gheorghiu, Calin"]
[Result "1-0"]
[WhiteElo "2459"]
[BlackElo "2306"]
[PlyCount "79"]
[EventDate "2025.01.14"]
[EventType "swiss (blitz)"]
[EventRounds "11"]
[EventCountry "USA"]
[SourceTitle "CB04_2025"]
[SourceDate "2025.01.22"]
[SourceVersion "1"]
[SourceVersionDate "2025.01.22"]
[SourceQuality "1"]

1. c4 e5 2. Nc3 Nf6 3. Nf3 Nc6 4. e3 Bb4 5. Qc2 0-0 6. Nd5 Bc5 7. Ng5 g6 8. Nxf6+ Qxf6 9. Ne4 Qe7 10. a3 a5 11. Be2 Ba7 12. b3 d6 13. Bb2 f5 14. Nc3 f4 15. Bd3 Bg4 16. Nd5 Qf7 17. f3 Be6 18. 0-0-0 b5 19. exf4 bxc4 20. bxc4 Nd4 21. Bxd4 Bxd4 22. fxe5 Rab8 23. exd6 cxd6 24. Nc3 Bxc4 25. Rde1 Rb3 26. Re7 Bxd3 27. Rxf7 Bxc2 28. Rxf8+ Kxf8 29. Kxc2 Rxa3 30. Nb5 Ra2+ 31. Kd3 Bc5 32. h4 a4 33. Nc3 Ra3 34. h5 Rb3 35. hxg6 hxg6 36. Kc2 Rb4 37. Rh8+ Ke7 38. Nd5+ Ke6 39. Nxb4 Bxb4 40. Rh4 1-0

[Event "Titled Tuesday intern op 14th Jan Early"]
[Site "Chess.com INT"]
[Date "2025.01.14"]
[Round "4"]
[White "Orzech, Dominik"]
[Black "Kryakvin, Dmitry"]
[Result "1/2-1/2"]
[WhiteElo "2248"]
[BlackElo "2459"]
[PlyCount "172"]
[EventDate "2025.01.14"]
[EventType "swiss (blitz)"]
[EventRounds "11"]
[EventCountry "USA"]
[SourceTitle "CB04_2025"]
[SourceDate "2025.01.22"]
[SourceVersion "1"]
[SourceVersionDate "2025.01.22"]
[SourceQuality "1"]

1. d4 d5 2. Nf3 Nf6 3. c4 e6 4. Nc3 Nbd7 5. cxd5 exd5 6. Bg5 Be7 7. Qc2 0-0 8. e3 c6 9. Bd3 h6 10. Bh4 Re8 11. 0-0 Ne4 12. Bxe7 Qxe7 13. Rab1 Ndf6 14. b4 a6 15. a4 Bf5 16. b5 axb5 17. axb5 Ra3 18. Rb3 Rxb3 19. Qxb3 Nc5 20. dxc5 Bxd3 21. Nxd5 Nxd5 22. Qxd3 Qxc5 23. bxc6 Qxc6 24. Rd1 Nf6 25. h3 Ne4 26. Nd4 Qa4 27. Rb1 Qa2 28. Qc2 Qxc2 29. Nxc2 Re7 30. Nd4 g6 31. Rb6 Rc7 32. f3 Nc3 33. e4 Na4 34. Rb4 Nc5 35. Nb5 Rd7 36. e5 Rd1+ 37. Kh2 Re1 38. Nd6 h5 39. Nxb7 Nd3 40. Re4 Rxe4 41. fxe4 Nxe5 42. Kg3 Kg7 43. Nc5 Kf6 44. Nb3 Kg5 45. Nd2 h4+ 46. Kf2 Kf4 47. Ke2 f6 48. Kf2 g5 49. Nb3 Kxe4 50. Nc5+ Kf5 51. Nb3 Ng6 52. Nd4+ Ke4 53. Ne6 Nf4 54. Nc5+ Kd5 55. Nb3 f5 56. Kf3 Ke5 57. Nc5 Ne6 58. Nd3+ Kf6 59. Nb4 Nd4+ 60. Ke3 Nb5 61. Nd3 Nd6 62. Kf3 Ne4 63. Nb4 Ng3 64. Nd3 Nf1 65. Nc5 Nd2+ 66. Ke3 Nc4+ 67. Kf3 Ne5+ 68. Ke3 Ng6 69. Kf3 Ke5 70. Nd7+ Ke6 71. Nc5+ Kd5 72. Nd3 Ne5+ 73. Nxe5 Kxe5 74. Ke3 f4+ 75. Kf3 Kf5 76. Kf2 Ke6 77. Kf3 Kf6 78. Ke4 Ke6 79. Kf3 Ke5 80. Kg4 Kf6 81. Kf3 Kf5 82. Kf2 Ke4 83. Ke2 Kd5 84. Kf3 Ke6 85. Kg4 Kf6 86. Kf3 Kf5 1/2-1/2

[Event "RUS Cup final"]
[Site "Khanty-Mansiysk"]
[Date "2024.12.12"]
[Round "1.2"]
[White "Kryakvin, Dmitry"]
[Black "Pridorozhni, Aleksei"]
[Result "1/2-1/2"]
[WhiteElo "2462"]
[BlackElo "2493"]
[PlyCount "144"]
[EventDate "2024.12.11"]
[EventType "k.o."]
[EventRounds "4"]
[EventCountry "RUS"]
[SourceTitle "CB52_2024"]
[SourceDate "2024.12.25"]
[SourceVersion "1"]
[SourceVersionDate "2024.12.25"]
[SourceQuality "1"]

1. d4 d5 2. Nf3 Nf6 3. c4 e6 4. Nc3 c5 5. cxd5 exd5 6. Bg5 Be6 7. Bxf6 gxf6 8. dxc5 Bxc5 9. e3 Nc6 10. Bb5 0-0 11. 0-0 Rc8 12. Rc1 Bb6 13. Na4 Kg7 14. a3 Ne7 15. Rxc8 Bxc8 16. Be2 Bc7 17. Nc3 Be6 18. Nd4 Be5 19. Qd2 Qa5 20. f4 Bxd4 21. exd4 Qd8 22. Kh1 Re8 23. g4 f5 24. Bd3 Rg8 25. Qe3 Qd7 26. Ne2 Kf8 27. g5 h6 28. Ng3 Qd6 29. Rf2 Rh8 30. gxh6 Rxh6 31. Kg1 Rh4 32. Kf1 Qc7 33. Qe5 Qxe5 34. dxe5 Ng6 35. Ne2 Ke7 36. Ke1 f6 37. exf6+ Kxf6 38. Kd2 Bd7 39. Ke3 Nf8 40. Nd4 Rh3+ 41. Kd2 Rh4 42. Bf1 Ne6 43. Nxe6 Kxe6 44. Ke3 a5 45. Kd4 Kd6 46. h3 b6 47. Ke3 Rh8 48. Bg2 Bc6 49. Rd2 Bb7 50. Kf2 Rh7 51. Rd3 Kc5 52. Rc3+ Kd6 53. Rb3 Kc5 54. Bf1 Bc6 55. Re3 b5 56. Re5 b4 57. Bg2 Rf7 58. Bf3 Kc4 59. h4 Kb3 60. axb4 axb4 61. Re2 Rf6 62. Rd2 Ka2 63. h5 d4 64. Rxd4 b3 65. Rd2 Kb1 66. Bxc6 Rxc6 67. Ke3 Rc1 68. Kd3 Rh1 69. Kc3 Ka2 70. Kd4 Rxh5 71. Ke5 Rh1 72. Kxf5 Rb1 1/2-1/2

[Event "RUS-chT 31th"]
[Site "Sochi"]
[Date "2024.05.10"]
[Round "9.13"]
[White "Kryakvin, Dmitry"]
[Black "Rodin, Dmitrij"]
[Result "1/2-1/2"]
[WhiteElo "2478"]
[BlackElo "2323"]
[PlyCount "30"]
[EventDate "2024.05.01"]
[EventType "team-tourn"]
[EventRounds "9"]
[EventCountry "RUS"]
[SourceTitle "CBM 220 Extra"]
[Source "ChessBase"]
[SourceDate "2024.07.31"]
[SourceVersion "1"]
[SourceVersionDate "2024.07.31"]
[SourceQuality "1"]
[WhiteTeam "Kimmeriya"]
[BlackTeam "Voronezh"]
[WhiteTeamCountry "RUS"]
[BlackTeamCountry "RUS"]

1. d4 Nf6 2. Nf3 e6 3. e3 b6 4. Bd3 Bb7 5. 0-0 Be7 6. c4 0-0 7. b3 c5 8. dxc5 Bxc5 9. Nc3 Be7 10. Bb2 d6 11. Qc2 Nbd7 12. Ne4 h6 13. Rad1 Qc7 14. Rd2 Rac8 15. Qb1 Rfd8 1/2-1/2

[Event "RUS-chT 31th"]
[Site "Sochi"]
[Date "2024.05.09"]
[Round "8.13"]
[White "Gareyev, Timur"]
[Black "Kryakvin, Dmitry"]
[Result "1/2-1/2"]
[WhiteElo "2556"]
[BlackElo "2478"]
[PlyCount "115"]
[EventDate "2024.05.01"]
[EventType "team-tourn"]
[EventRounds "9"]
[EventCountry "RUS"]
[SourceTitle "CBM 220 Extra"]
[Source "ChessBase"]
[SourceDate "2024.07.31"]
[SourceVersion "1"]
[SourceVersionDate "2024.07.31"]
[SourceQuality "1"]
[WhiteTeam "Moscow Region"]
[BlackTeam "Kimmeriya"]
[WhiteTeamCountry "RUS"]
[BlackTeamCountry "RUS"]

1. d4 Nf6 2. c4 e6 3. Nc3 Bb4 4. e3 b6 5. Bd3 Bb7 6. Nf3 0-0 7. Bd2 c5 8. 0-0 cxd4 9. exd4 d5 10. cxd5 Nxd5 11. Qe2 Nd7 12. Rac1 Be7 13. Rfe1 Rc8 14. Bb1 Re8 15. Qd3 Nf8 16. Ne5 Bf6 17. Qh3 Ng6 18. Rcd1 Bxe5 19. dxe5 Nxc3 20. Bxc3 Qg5 21. Rd4 Red8 22. Rg4 Rxc3 23. bxc3 Qxe5 24. Rf1 f5 25. Rd4 Rxd4 26. cxd4 Qxd4 27. Qe3 Qxe3 28. fxe3 Ne5 29. e4 fxe4 30. Re1 Kf7 31. Bxe4 Bxe4 32. Rxe4 Kf6 33. Kf1 Nd7 34. Ke2 e5 35. Re3 Ke6 36. Rg3 g6 37. Rd3 h5 38. Rd1 a5 39. Kd2 Nf6 40. Rc1 Kd7 41. Kd3 h4 42. Ke3 g5 43. Kf3 Kd6 44. Rd1+ Ke6 45. Ke3 Nd5+ 46. Kd3 Nb4+ 47. Kc4 Nxa2 48. Rd8 Nb4 49. Rb8 Kf5 50. Rxb6 Nc2 51. Rb2 Ne3+ 52. Kd3 Nd5 53. Rf2+ Ke6 54. Rf8 a4 55. Ra8 Kf5 56. g3 hxg3 57. hxg3 Kg4 58. Ke4 1/2-1/2

[Event "RUS-chT 31th"]
[Site "Sochi"]
[Date "2024.05.06"]
[Round "5.25"]
[White "Kryakvin, Dmitry"]
[Black "Yeletsky, Ivan"]
[Result "0-1"]
[WhiteElo "2478"]
[BlackElo "2505"]
[PlyCount "120"]
[EventDate "2024.05.01"]
[EventType "team-tourn"]
[EventRounds "9"]
[EventCountry "RUS"]
[SourceTitle "CBM 220 Extra"]
[Source "ChessBase"]
[SourceDate "2024.07.31"]
[SourceVersion "1"]
[SourceVersionDate "2024.07.31"]
[SourceQuality "1"]
[WhiteTeam "Kimmeriya"]
[BlackTeam "Moscow Temus"]
[WhiteTeamCountry "RUS"]
[BlackTeamCountry "RUS"]

1. c4 e5 2. g3 c6 3. d4 e4 4. a3 d5 5. Nc3 h6 6. Bg2 Nf6 7. f3 exf3 8. Nxf3 Be7 9. 0-0 0-0 10. Bf4 Be6 11. Ne5 dxc4 12. e4 Nbd7 13. d5 Qb6+ 14. Kh1 Nxe5 15. Bxe5 cxd5 16. exd5 Bg4 17. Qd2 Nd7 18. Bd4 Qg6 19. Ne4 Rfe8 20. Rae1 Rad8 21. Qf2 Bf8 22. Qf4 Nb6 23. Nc3 Bd6 24. Qf2 Bb8 25. Re4 f5 26. Ree1 Kh7 27. h3 Bh5 28. g4 fxg4 29. Be4 Rxe4 30. Nxe4 Nxd5 31. Ng3 Bxg3 32. Qxg3 Qd3 33. Qe5 Nf6 34. Rxf6 Qxd4 35. Qf5+ Kh8 36. Rf8+ Rxf8 37. Qxf8+ Kh7 38. Qf5+ Bg6 39. Qxg4 Qxb2 40. Qxc4 Qxa3 41. Kg2 Bf5 42. h4 b5 43. Qd4 a5 44. Kf2 Bg6 45. Re3 Qf8+ 46. Rf3 Qe7 47. Re3 Qf7+ 48. Rf3 Qa2+ 49. Kg3 b4 50. Qd8 Bf7 51. Rf2 Qa3+ 52. Rf3 Qa2 53. Rf2 Qc4 54. Qxa5 Bd5 55. Qb6 Qd3+ 56. Kh2 Qe4 57. Kg3 b3 58. h5 Qe5+ 59. Rf4 b2 60. Kh3 Qe6+ 0-1

[Event "RUS-chT 31th"]
[Site "Sochi"]
[Date "2024.05.04"]
[Round "4.1"]
[White "Bocharov, Dmitry"]
[Black "Kryakvin, Dmitry"]
[Result "1-0"]
[WhiteElo "2524"]
[BlackElo "2478"]
[PlyCount "97"]
[EventDate "2024.05.01"]
[EventType "team-tourn"]
[EventRounds "9"]
[EventCountry "RUS"]
[SourceTitle "CBM 220 Extra"]
[Source "ChessBase"]
[SourceDate "2024.07.31"]
[SourceVersion "1"]
[SourceVersionDate "2024.07.31"]
[SourceQuality "1"]
[WhiteTeam "Novosibirsk GAU"]
[BlackTeam "Kimmeriya"]
[WhiteTeamCountry "RUS"]
[BlackTeamCountry "RUS"]

1. e4 c5 2. Nf3 d6 3. d4 cxd4 4. Nxd4 Nf6 5. Nc3 Nc6 6. Bg5 e6 7. Qd2 Be7 8. 0-0-0 0-0 9. h4 a6 10. Kb1 Bd7 11. f3 b5 12. Nxc6 Bxc6 13. Ne2 Rc8 14. Nd4 Bb7 15. g4 Nd7 16. Qe3 Re8 17. Bxe7 Rxe7 18. Bd3 Ne5 19. g5 Rec7 20. h5 b4 21. f4 Nxd3 22. cxd3 Qe8 23. Rc1 a5 24. h6 g6 25. Rxc7 Rxc7 26. Rc1 Rxc1+ 27. Kxc1 e5 28. fxe5 dxe5 29. Nf3 Ba6 30. Qc5 Bxd3 31. Nxe5 Bb5 32. Qd4 Qe7 33. Nf3 Qc7+ 34. Kd1 Kf8 35. Ne5 Ke7 36. Nxf7 Be2+ 37. Kxe2 Qc2+ 38. Kf3 Kxf7 39. Qf6+ Ke8 40. Qh8+ Kd7 41. Qxh7+ Kc8 42. Qg8+ Kc7 43. Qf7+ Kc8 44. Qe6+ Kc7 45. Qf7+ Kc8 46. Qb3 Qh2 47. Qg8+ Kc7 48. Qf7+ Kc8 49. Qxg6 1-0